| 000 | 01354nam0a22003851 4500 | ||
|---|---|---|---|
| 001 | v19\rc\1654104 | ||
| 005 | 20251225001859.0 | ||
| 035 | _a(NLR Aleph) 004764885 | ||
| 090 |
_a4600732 _c4600732 |
||
| 100 | _a20061002d1889 u y0rusy50 ca | ||
| 101 | 0 | _arus | |
| 102 | _aRU | ||
| 105 | _ay z ||||| | ||
| 135 | _acrcn 024anaba | ||
| 200 | 1 | _aГурзуф, имение П.Т. Губонина на Южном берегу Крыма | |
| 210 |
_aСанкт-Петербург _cтип. В. Демакова _d1889 |
||
| 215 |
_a7 с. _d22 |
||
| 325 | _aКопия доступна в Электрон. б-ке РНБ | ||
| 702 | 1 |
_aГубонин _bП.Т. _4570 |
|
| 712 | 0 | 2 |
_aИмение П.Т. Губонина _cГурзуф |
| 801 | 0 |
_aRU _bNLR _gpsbo |
|
| 801 | 0 |
_aRU _bRuMoRGB _2psbo |
|
| 801 | 1 |
_aRU _bProSoft-M _2rusmarc |
|
| 852 |
_aNLR _j18.277.4.43 |
||
| 856 | 0 | _uhttps://vivaldi.nlr.ru/bx000076487/view | |
| 856 | 1 | _uhttps://vivaldi.nlr.ru/bx000076487/cover | |
| 856 | 2 | _uhttps://vivaldi.nlr.ru/bx000076487/text | |
| 899 |
_aRuMoRGB _jU 292/805 |
||
| 899 | _aБАН | ||
| 901 | _eКнижные издания | ||
| 942 | _cBOOK | ||
| 980 | _aNB | ||
| 981 | 4 | 8 | _a(48) Крым: история в документах |